000 00796nam a2200265Ia 4500
003 OSt
005 20221005084813.0
006 a|||||r|||| 00| 0
007 ta
008 221004b |||||||| |||| 00| 0 eng d
020 _a158391076X
024 _a76916
037 _cTextual
040 _aCRL
_cCRL
_beng
041 _2eng
_aeng
082 _aR421x, P3
100 _aDe Maria Rita Ed.
_9613598
245 0 _aBuilding intimate reationships
_b Bridging treatment, education, and enrichment through the PAIRS program
260 _aNew York
_bBrunner - Routledge UUSA
_c2003
300 _a288p.
_ccm.
650 _aPHILOSOPHY
700 _a Hannah MO Therese
_9613599
942 _hR421x, P3
_cTEXL
_2cc
999 _c993118
_d993118